| 000 | 00872cam a22002775i 4500 | ||
|---|---|---|---|
| 999 |
_c27104 _d27076 |
||
| 001 | 14041848 | ||
| 003 | OSt | ||
| 005 | 20190210142424.0 | ||
| 008 | 050718s2005 njua fr 001 0 eng d | ||
| 020 | _a0131457357 (pbk.) | ||
| 020 | _a9780131457355 | ||
| 035 | _a(OCoLC)ocm58693909 | ||
| 040 |
_aSITPL _cSITPL _dTXA _dEG-ScBUE _beng |
||
| 082 | 0 | 4 |
_a621.392 _222 _bYAL |
| 100 | 1 | _aYalamanchili, Sudhakar. | |
| 245 | 1 | 0 |
_aVHDL : _ba starter's guide / _cSudhakar Yalamanchili. |
| 250 | _a2nd ed. | ||
| 300 |
_axiv, 241 pages : _billustrations ; _c24 cm. |
||
| 336 |
_2rdacontent _atxt |
||
| 337 |
_2rdamedia _aunmediated |
||
| 338 |
_2rdacarrier _avolume |
||
| 500 | _aIncludes index. | ||
| 650 | 7 |
_aVHDL (Computer hardware description language). _2BUEsh _934515 |
|
| 650 | 7 |
_aVery high speed integrated circuits _2BUEsh _941970 _vComputer-aided design. |
|
| 942 |
_2ddc _cBB |
||